[Event "11th EUR-ch"]
[Site "Rijeka CRO"]
[Date "2010.03.15"]
[Round "9"]
[White "Vernay, Clovis"]
[Black "Katzir, Moshe"]
[Result "1-0"]
[WhiteElo "2440"]
[BlackElo "2288"]
[EventDate "2010.03.06"]
[PlyCount "43"]

1.d4 d5 2.c4 e6 3.Nf3 c6 4.e3 Nf6 5.Nbd2 c5 6.dxc5 Bxc5 7.a3 O-O 8.Qc2 
Nbd7 9.b4 Be7 10.Bb2 a5 11.c5 Qc7 12.Nd4 e5 13.Nb5 Qc6 14.Nf3 axb4 15.axb4
Rxa1+ 16.Bxa1 b6 17.Nxe5 Nxe5 18.Bxe5 bxc5 19.bxc5 Bxc5 20.Qb2 Ne4 21.Bd3 
Bb4+ 22.Ke2 1-0

[Event "11th EUR-ch"]
[Site "Rijeka CRO"]
[Date "2010.03.15"]
[Round "9"]
[White "Pankov, German"]
[Black "Boskovic, Drasko"]
[Result "0-1"]
[WhiteElo "2353"]
[BlackElo "2434"]
[EventDate "2010.03.06"]
[PlyCount "98"]

1.d4 g6 2.e4 Bg7 3.Nc3 d6 4.Be3 Nd7 5.Qd2 c5 6.d5 a6 7.a4 Qa5 8.Ra3 Ngf6 
9.f3 h5 10.Nh3 Ne5 11.Nf2 O-O 12.Be2 e6 13.dxe6 Bxe6 14.Qxd6 Qb4 15.Qxc5 
Qxb2 16.Ncd1 Qb1 17.Qxe5 Nd5 18.Qxg7+ Kxg7 19.exd5 Qb4+ 20.Rc3 Bxd5 21.Bc5
Qxa4 22.Bxf8+ Rxf8 23.O-O Qb4 24.Rd3 Qc5 25.Rc3 Qb4 26.Rd3 Bc6 27.Nc3 Re8 
28.Nfe4 h4 29.Rb1 Qa5 30.Bf1 b5 31.Nd5 Rd8 32.Ndf6 Qb6+ 33.Kh1 a5 34.Rc3 
a4 35.h3 b4 36.Rc4 Rb8 37.Ng4 Bd5 38.Rcxb4 Qxb4 39.Rxb4 Rxb4 40.Nc3 a3 41.
Nxd5 Rxg4 42.Nc3 Rb4 43.g3 hxg3 44.Kg2 Rb2 45.Bd3 a2 46.Nxa2 Rxa2 47.Kxg3 
f5 48.f4 Kf6 49.h4 Ra1 0-1

[Event "11th EUR-ch"]
[Site "Rijeka CRO"]
[Date "2010.03.15"]
[Round "9"]
[White "Kozlitin, Roman"]
[Black "Cioara, Andrei-Nestor"]
[Result "1-0"]
[WhiteElo "2344"]
[BlackElo "2430"]
[EventDate "2010.03.06"]
[PlyCount "153"]

1.e4 c6 2.d4 d5 3.e5 Bf5 4.Nf3 e6 5.Be2 Nd7 6.O-O Ne7 7.c4 dxc4 8.Bxc4 Nb6
9.Bb3 a5 10.Nc3 Ned5 11.Bg5 Qd7 12.Nh4 Bg6 13.Nxg6 hxg6 14.Ne4 a4 15.Bc2 
Nb4 16.Bb1 a3 17.bxa3 Rxa3 18.Qc1 Ra5 19.Rd1 Rd5 20.a3 Ra5 21.Nc5 Bxc5 22.
dxc5 N6d5 23.Bd2 Qc7 24.Qb2 Na6 25.Bxa5 Qxa5 26.Qxb7 O-O 27.Qxc6 Nxc5 28.
Ba2 Nc3 29.Rf1 Nd3 30.Bc4 Nxe5 31.Qa6 Qc5 32.Rac1 Qd4 33.Bb5 Rd8 34.Qa5 
Ne4 35.Qa4 Qxa4 36.Bxa4 Ra8 37.Bc2 Nc3 38.Ra1 Nc6 39.a4 Nd4 40.Bd1 Ra5 41.
Re1 Kf8 42.Ra3 Nd5 43.Rd3 Nc6 44.Bb3 Ndb4 45.Rd7 Rc5 46.Rc7 Rc3 47.Rb1 Na6
48.Rc8+ Ke7 49.Bd1 Kd7 50.Rg8 Nc5 51.Rxg7 Ke7 52.f4 Nd4 53.Rg8 Ne4 54.Ra1 
Re3 55.Bf3 Nb3 56.Rb1 Ned2 57.Rd1 Rd3 58.Be2 Rd4 59.Ra8 Rxf4 60.a5 Ra4 61.
a6 Ra2 62.a7 e5 63.Bb5 Kf6 64.Rd8 Rxa7 65.R8xd2 Nxd2 66.Rxd2 e4 67.Rd5 Ra2
68.Rc5 Rb2 69.Bc6 e3 70.Kf1 Ke6 71.Rc3 Kd6 72.Bf3 Ke5 73.Rxe3+ Kf6 74.Bd5 
Rb1+ 75.Kf2 Rb2+ 76.Kg3 Rd2 77.Rf3+ 1-0

[Event "11th EUR-ch"]
[Site "Rijeka CRO"]
[Date "2010.03.15"]
[Round "9"]
[White "Delorme, Axel"]
[Black "Veleski, Robert"]
[Result "1-0"]
[WhiteElo "2429"]
[BlackElo "2278"]
[EventDate "2010.03.06"]
[PlyCount "93"]

1.e4 e5 2.Nf3 Nc6 3.d4 exd4 4.Nxd4 Bc5 5.Nb3 Bb6 6.Qe2 Nge7 7.Nc3 O-O 8.
Be3 d6 9.O-O-O f5 10.f4 fxe4 11.Bxb6 axb6 12.Qxe4 Ng6 13.Bc4+ Kh8 14.Rhf1 
Bf5 15.Qe3 Qh4 16.h3 Rae8 17.Qd2 Be4 18.g4 Qxh3 19.Nxe4 Rxe4 20.Bd3 Rexf4 
21.Rh1 Qxg4 22.Rdg1 Qf3 23.Bxg6 Qxh1 24.Rxh1 Rf1+ 25.Qd1 Rxd1+ 26.Kxd1 h6 
27.Be4 Rf4 28.Nd2 Ne5 29.Bxb7 c6 30.Bc8 Kh7 31.b3 g5 32.a4 g4 33.Rf1 Rxf1+
34.Nxf1 h5 35.b4 h4 36.a5 bxa5 37.bxa5 g3 38.Bh3 Nc4 39.a6 Kg6 40.a7 Nb6 
41.Ke2 Kf6 42.Kf3 Ke5 43.Bc8 Kd4 44.Bb7 d5 45.Bxc6 Kc3 46.Ne3 d4 47.Nd5+ 
1-0

[Event "11th EUR-ch"]
[Site "Rijeka CRO"]
[Date "2010.03.15"]
[Round "9"]
[White "Lorscheid, Gerhard"]
[Black "Caspi, Israel"]
[Result "0-1"]
[WhiteElo "2328"]
[BlackElo "2426"]
[EventDate "2010.03.06"]
[PlyCount "108"]

1.d4 f5 2.g3 Nf6 3.Bg2 g6 4.Nf3 Bg7 5.O-O O-O 6.c4 d6 7.Nc3 Nc6 8.d5 Na5 
9.Qa4 c5 10.dxc6 Nxc6 11.Rd1 Kh8 12.Qc2 Bd7 13.b3 Rc8 14.Bb2 a6 15.Qd2 Kg8
16.e3 h6 17.Nd4 Nxd4 18.exd4 b5 19.Bb7 Rb8 20.Bxa6 b4 21.Nd5 Ne4 22.Qe2 e6
23.Nf4 g5 24.Nh5 Bh8 25.a4 Be8 26.Bb5 Bg6 27.Re1 Qc7 28.h3 Qf7 29.g4 fxg4 
30.hxg4 Qxf2+ 31.Qxf2 Rxf2 32.Rxe4 Rxb2 33.Rxe6 Bxd4+ 34.Kh1 Bb1 35.c5 
dxc5 36.Bc4 Kf8 37.Re1 Bg6 38.Rf1+ Ke7 39.Rae1+ Kd7 40.Re6 Rb6 41.Nf6+ 
Bxf6 42.Rfxf6 Be4+ 43.Kg1 Rxe6 44.Rxe6 Bd3 45.Bd5 Rd2 46.Rb6 Be2 47.Rb7+ 
Kd6 48.Bg8 Kc6 49.Rh7 c4 50.Rxh6+ Kc5 51.Kf2 Bxg4+ 52.Kg3 c3 53.Bh7 Bd1 
54.Be4 Bxb3 0-1

[Event "11th EUR-ch"]
[Site "Rijeka CRO"]
[Date "2010.03.15"]
[Round "9"]
[White "Zueger, Beat"]
[Black "Dimitrijevic, Darko"]
[Result "0-1"]
[WhiteElo "2425"]
[BlackElo "2272"]
[EventDate "2010.03.06"]
[PlyCount "110"]

1.c4 c6 2.Nf3 d5 3.e3 f5 4.cxd5 cxd5 5.Bb5+ Bd7 6.Bxd7+ Qxd7 7.Ne5 Qc7 8.
d4 Nd7 9.Nc3 Nxe5 10.dxe5 e6 11.O-O Ne7 12.Nb5 Qxe5 13.Bd2 a6 14.Bc3 Qb8 
15.Nd4 Qd6 16.Qb3 Qd7 17.Rfd1 Nc6 18.Nxf5 exf5 19.Rxd5 Qc7 20.Rad1 Rd8 21.
Rxd8+ Nxd8 22.Qd5 Nc6 23.Qxf5 Ne7 24.Qh5+ Ng6 25.f4 Qf7 26.f5 Ne5 27.Qh3 
Nd7 28.f6 gxf6 29.Bxf6 Bg7 30.Bxg7 Qxg7 31.Rd4 Rf8 32.Qh4 Qf6 33.Re4+ Kd8 
34.Qe1 Qxb2 35.Rb4 Qxa2 36.Rxb7 a5 37.h3 Qd5 38.Rb2 Rf5 39.Qh4+ Kc7 40.
Rc2+ Kd6 41.Rc4 Ke6 42.Rd4 Qb3 43.Kh2 Qb8+ 44.Kg1 Nf6 45.Rc4 Qd6 46.Rd4 
Qa3 47.Qe1 Rc5 48.Kh2 Qc3 49.Qe2 Re5 50.Rd3 Qc5 51.Qa2+ Ke7 52.Qb3 Qb4 53.
Qc2 Rc5 54.Qd1 Qb8+ 55.Kg1 Qc7 0-1

[Event "11th EUR-ch"]
[Site "Rijeka CRO"]
[Date "2010.03.15"]
[Round "9"]
[White "Plenca, Julijan"]
[Black "Malakhov, Igor"]
[Result "0-1"]
[WhiteElo "2323"]
[BlackElo "2425"]
[EventDate "2010.03.06"]
[PlyCount "91"]

1.e4 c5 2.Nf3 Nc6 3.Nc3 g6 4.d4 cxd4 5.Nxd4 Bg7 6.Be3 Nf6 7.Be2 O-O 8.O-O 
d5 9.exd5 Nxd5 10.Nxd5 Nxd4 11.Bxd4 Qxd5 12.Bxg7 Qxd1 13.Raxd1 Kxg7 14.Bf3
Bf5 15.g4 Be6 16.b3 Rac8 17.c4 b6 18.Rd4 Rc5 19.Be2 Re5 20.Bd3 h5 21.f4 
Ra5 22.f5 gxf5 23.gxf5 Bc8 24.a4 Kf6 25.Kf2 Rg8 26.Ke3 Re5+ 27.Be4 Rg4 28.
b4 Bb7 29.Rf4 Rxf4 30.Kxf4 Bxe4 31.Rxe4 Rxf5+ 32.Kg3 Rf1 33.Kh4 Ra1 34.
Kxh5 e5 35.Re2 Rxa4 36.Rb2 e4 37.h4 Ke5 38.Kg5 Ra1 39.Rc2 Rg1+ 40.Kh6 f5 
41.c5 bxc5 42.bxc5 Kf6 43.c6 Rg6+ 44.Kh7 Rg7+ 45.Kh8 Rc7 46.h5 0-1

[Event "11th EUR-ch"]
[Site "Rijeka CRO"]
[Date "2010.03.15"]
[Round "9"]
[White "Bohnisch, Manfred"]
[Black "Pancevski, Filip"]
[Result "1-0"]
[WhiteElo "2316"]
[BlackElo "2423"]
[EventDate "2010.03.06"]
[PlyCount "85"]

1.e4 c6 2.d4 g6 3.c3 Bg7 4.Nf3 d6 5.Be3 Nf6 6.Bd3 Bg4 7.Nbd2 O-O 8.h3 Bxf3
9.Nxf3 Nbd7 10.Qd2 e5 11.dxe5 dxe5 12.Rd1 Qe7 13.b4 Rfd8 14.O-O b5 15.Qc2 
a6 16.a4 Rab8 17.axb5 axb5 18.Nd2 Qf8 19.Nb3 Rdc8 20.Ra1 Bh6 21.Ba7 Rb7 
22.Ra6 Qd8 23.Be2 Bf8 24.Rd1 Ra8 25.Rda1 Qc8 26.Be3 Rxa6 27.Rxa6 Rb8 28.
Ra7 Ra8 29.Ra5 Rb8 30.f3 Nh5 31.Qa2 Nf4 32.Bf1 Ne6 33.Kh2 Bd6 34.Ra7 c5 
35.bxc5 Ndxc5 36.Na5 Na4 37.Qd5 Bc5 38.Nc6 Nxc3 39.Qxe5 Qxc6 40.Qxb8+ Kg7 
41.Qe5+ Kg8 42.Bxc5 Qxc5 43.Ra8+ 1-0

[Event "11th EUR-ch"]
[Site "Rijeka CRO"]
[Date "2010.03.15"]
[Round "9"]
[White "Bodiroga, Predrag"]
[Black "Maevsky, Nikolay"]
[Result "1-0"]
[WhiteElo "2422"]
[BlackElo "2275"]
[EventDate "2010.03.06"]
[PlyCount "177"]

1.d4 d5 2.Bf4 Nf6 3.e3 c5 4.c3 Nc6 5.Nd2 Bf5 6.Qb3 Qd7 7.Ngf3 c4 8.Qd1 b5 
9.Be2 h6 10.Ne5 Nxe5 11.Bxe5 e6 12.O-O a6 13.a4 b4 14.Bxf6 gxf6 15.e4 Bxe4
16.Nxe4 dxe4 17.Bxc4 bxc3 18.bxc3 Bd6 19.d5 Bxh2+ 20.Kh1 Bc7 21.Qh5 e5 22.
d6 Bxd6 23.Rfd1 Rf8 24.Rab1 Qc7 25.Bd5 Rb8 26.Rxb8+ Qxb8 27.Bxe4 Ke7 28.
Rb1 Qd8 29.Bd5 Bc7 30.c4 Qd7 31.g3 Qxa4 32.Kg1 Qd7 33.Rd1 Bb6 34.Bxf7 
Bxf2+ 35.Kg2 Bd4 36.Bd5 Rb8 37.Qf7+ Kd6 38.Qxf6+ Kc5 39.Be6 Qd6 40.Qf5 
Rb2+ 41.Kh3 Rf2 42.Qg4 h5 43.Qg8 Rf8 44.Qg6 Qc6 45.Kh4 Qf3 46.Re1 Rf4+ 47.
Kh3 h4 48.Bd5 Qxg3+ 49.Qxg3 hxg3 50.Rb1 Bc3 51.Kxg3 a5 52.Rb5+ Kd4 53.Be6 
a4 54.Rd5+ Ke4 55.c5 Rf6 56.Rd6 Rg6+ 57.Kh3 Rh6+ 58.Kg4 Rg6+ 59.Kh5 Rg1 
60.c6 Ba5 61.Rd5 Rh1+ 62.Kg6 Bb6 63.Rb5 Rg1+ 64.Kf7 Bc7 65.Rb7 Ba5 66.Ra7 
Bb6 67.Rxa4+ Kd3 68.Bf5+ Ke3 69.Ra6 Bc7 70.Ra7 Bb6 71.Rb7 Ba5 72.Ke6 Kd4 
73.Rd7+ Ke3 74.Rd3+ Kf4 75.Ra3 Rc1 76.Ra4+ Kg5 77.Rxa5 Rxc6+ 78.Kxe5 Rc1 
79.Be4 Re1 80.Ra6 Rc1 81.Rg6+ Kh5 82.Rg7 Re1 83.Rg2 Kh6 84.Kf6 Kh5 85.Bf5 
Kh4 86.Rg4+ Kh5 87.Rg3 Rh1 88.Rg8 Rf1 89.Rh8# 1-0

[Event "11th EUR-ch"]
[Site "Rijeka CRO"]
[Date "2010.03.15"]
[Round "9"]
[White "Piscopo, Pierluigi"]
[Black "Cucancic, Sinisa"]
[Result "1-0"]
[WhiteElo "2418"]
[BlackElo "2271"]
[EventDate "2010.03.06"]
[PlyCount "43"]

1.e4 c5 2.Nf3 e6 3.d4 cxd4 4.Nxd4 a6 5.Bd3 Qc7 6.O-O Bd6 7.Nf3 Nc6 8.Nbd2 
Nge7 9.Nc4 Bc5 10.e5 b5 11.Nd6+ Bxd6 12.exd6 Qxd6 13.Ng5 Nd5 14.a4 b4 15.
Ne4 Qe7 16.c4 Nc7 17.Be3 d6 18.Qh5 h6 19.Rad1 O-O 20.Nxd6 Rd8 21.Bc5 Qf6 
22.Be4 1-0

[Event "11th EUR-ch"]
[Site "Rijeka CRO"]
[Date "2010.03.15"]
[Round "9"]
[White "Barle, Janez"]
[Black "Feher, Adam"]
[Result "1/2-1/2"]
[WhiteElo "2415"]
[BlackElo "2260"]
[EventDate "2010.03.06"]
[PlyCount "98"]

1.e4 c6 2.d3 d5 3.Nd2 e5 4.Ngf3 Bd6 5.d4 exd4 6.exd5 cxd5 7.Nxd4 Nc6 8.
N2f3 Nge7 9.Be2 O-O 10.O-O Re8 11.c3 Nf5 12.Nxf5 Bxf5 13.Be3 Be4 14.Qd2 
Qc7 15.h3 Rad8 16.Rfd1 a6 17.Ng5 Ne5 18.Nxe4 dxe4 19.Qc2 Nc4 20.Bxc4 Qxc4 
21.Rd4 Qc6 22.Qb3 Be5 23.Rc4 Qg6 24.Qxb7 f5 25.Qb3 Kh8 26.Bd4 Bxd4 27.Rxd4
Rb8 28.Qc2 f4 29.Re1 f3 30.g3 e3 31.Qxg6 hxg6 32.Rxe3 Rxe3 33.fxe3 Rxb2 
34.Ra4 Rg2+ 35.Kf1 Rxg3 36.Rxa6 Rxh3 37.Rxg6 Rh2 38.Rg3 Rc2 39.Rxf3 Rxc3 
40.Kg2 Rc2+ 41.Kg3 Rxa2 42.e4 Kg8 43.Kg4 Ra7 44.e5 Re7 45.Re3 Kf7 46.Kf5 
g6+ 47.Ke4 Ra7 48.Rf3+ Ke7 49.Rf6 Ra4+ 1/2-1/2

[Event "11th EUR-ch"]
[Site "Rijeka CRO"]
[Date "2010.03.15"]
[Round "9"]
[White "Jakovljevic, Vlado"]
[Black "Bach, Adrian-Kalman"]
[Result "0-1"]
[WhiteElo "2412"]
[BlackElo "2251"]
[EventDate "2010.03.06"]
[PlyCount "78"]

1.c4 Nf6 2.Nc3 c6 3.e4 e5 4.Nf3 d6 5.d4 Nbd7 6.g3 exd4 7.Nxd4 Ne5 8.f4 Bg4
9.Be2 Bxe2 10.Qxe2 Ng6 11.Be3 Qa5 12.O-O-O O-O-O 13.Kb1 Re8 14.Qd3 Ng4 15.
Bg1 h5 16.e5 Qc7 17.Ndb5 cxb5 18.Nxb5 Qd7 19.Bxa7 N6xe5 20.fxe5 Nxe5 21.
Qa3 Nxc4 22.Qa4 Qc6 23.Rc1 d5 24.b3 Qa6 25.Qxa6 bxa6 26.bxc4 axb5 27.cxb5+
Kb7 28.Bd4 h4 29.Rhf1 f6 30.Rf5 hxg3 31.hxg3 Ba3 32.Rc3 Re2 33.Rf1 Bb2 34.
Re3 Rxe3 35.Bxe3 Be5 36.Rd1 d4 37.Bf4 Kb6 38.Kc2 Kxb5 39.Re1 Kc4 0-1

[Event "11th EUR-ch"]
[Site "Rijeka CRO"]
[Date "2010.03.15"]
[Round "9"]
[White "Petre, Nad-Titus"]
[Black "Tassopoulos, Marios"]
[Result "1-0"]
[WhiteElo "2410"]
[BlackElo "2245"]
[EventDate "2010.03.06"]
[PlyCount "58"]

1.d4 d5 2.Bf4 c5 3.e3 Nc6 4.Nf3 Bg4 5.Bb5 e6 6.Nbd2 Bd6 7.dxc5 Bxc5 8.c4 
Ne7 9.cxd5 Qxd5 10.h3 Bxf3 11.Qxf3 O-O-O 12.Qxd5 Rxd5 13.Bc4 Rd7 14.a3 Bd6
15.Bxd6 Rxd6 16.Ne4 Rd7 17.Ke2 Rhd8 18.Rhd1 h6 19.Rxd7 Rxd7 20.Rc1 a6 21.
g4 Kb8 22.f4 Na5 23.Nc5 Rd6 24.Ba2 Ka7 25.Ne4 Rd7 26.Rc5 b6 27.Rc2 Nb7 28.
b4 Kb8 29.Bc4 Rc7 1-0

[Event "11th EUR-ch"]
[Site "Rijeka CRO"]
[Date "2010.03.15"]
[Round "9"]
[White "Zavhorodnii, Serhii"]
[Black "Sgnaolin, Davide"]
[Result "1-0"]
[WhiteElo "2409"]
[BlackElo "2234"]
[EventDate "2010.03.06"]
[PlyCount "89"]

1.e4 c5 2.Nf3 Nc6 3.Bb5 g6 4.O-O Bg7 5.c3 Nf6 6.Re1 O-O 7.h3 Qb6 8.Ba4 d6 
9.d4 cxd4 10.cxd4 Nd7 11.Bxc6 bxc6 12.Nc3 Bb7 13.Bg5 Rfe8 14.Rc1 h6 15.Na4
Qa5 16.Be3 Nb6 17.Nxb6 axb6 18.a3 c5 19.Qd3 Rac8 20.Bd2 Qa8 21.Bc3 Rf8 22.
d5 Rce8 23.Bxg7 Kxg7 24.Nh2 f5 25.f3 Rf6 26.Rcd1 e5 27.dxe6 Rfxe6 28.Qc3+ 
Kh7 29.exf5 Rxe1+ 30.Rxe1 gxf5 31.Nf1 Rxe1 32.Qxe1 Qf8 33.Ng3 Bc8 34.Nh5 
Qf7 35.Nf4 Bd7 36.Qd2 Qf8 37.Qd5 b5 38.Qb7 Qe7 39.Nd5 Qe1+ 40.Kh2 Kg6 41.
Nf4+ Kg5 42.Qxd7 Kxf4 43.Qxd6+ Kg5 44.f4+ Kh5 45.Qxc5 1-0

[Event "11th EUR-ch"]
[Site "Rijeka CRO"]
[Date "2010.03.15"]
[Round "9"]
[White "Mihok, Oliver"]
[Black "Sheskin, Matan"]
[Result "1-0"]
[WhiteElo "2403"]
[BlackElo "2207"]
[EventDate "2010.03.06"]
[PlyCount "43"]

1.e4 c5 2.Nf3 a6 3.Nc3 b5 4.d4 cxd4 5.Nxd4 Bb7 6.Bd3 b4 7.Nce2 e5 8.Nf3 
Qc7 9.O-O Nf6 10.Ng3 g6 11.Bg5 Bg7 12.Qd2 Nc6 13.Bh6 O-O 14.Nf5 Ne8 15.
Bxg7 Nxg7 16.Qh6 Nxf5 17.exf5 f6 18.Bc4+ Kh8 19.Nh4 Rg8 20.Nxg6+ Rxg6 21.
fxg6 d6 22.Bf7 1-0

[Event "11th EUR-ch"]
[Site "Rijeka CRO"]
[Date "2010.03.15"]
[Round "9"]
[White "Kargin, Arseny"]
[Black "Ernst, Michael"]
[Result "1-0"]
[WhiteElo "2400"]
[BlackElo "2166"]
[EventDate "2010.03.06"]
[PlyCount "119"]

1.e4 e6 2.d4 d5 3.Nc3 Nf6 4.Bg5 Bb4 5.exd5 Qxd5 6.Bxf6 Bxc3+ 7.bxc3 gxf6 
8.Qd2 Qa5 9.Bd3 Bd7 10.Ne2 Bc6 11.Nf4 Nd7 12.c4 Qxd2+ 13.Kxd2 Nb6 14.c3 
O-O-O 15.f3 Rhg8 16.Rhg1 Rg5 17.Ke3 Ra5 18.Rgb1 h5 19.h4 Rg8 20.Kf2 Rd8 
21.Rb3 Rh8 22.Rb2 Ra4 23.Rb4 Ra3 24.Ne2 Rg8 25.Rbb1 Ra4 26.Bc2 Ra3 27.Bb3 
Rh8 28.Rd1 Ba4 29.d5 a6 30.dxe6 fxe6 31.c5 Bxb3 32.axb3 Rxa1 33.Rxa1 Nd5 
34.c6 bxc6 35.Rxa6 Kd7 36.c4 Ne7 37.Nf4 Nf5 38.g3 Nd4 39.b4 e5 40.Nd3 Rb8 
41.Ra4 Nf5 42.f4 Kd6 43.Ra5 Rg8 44.fxe5+ fxe5 45.Nxe5 Nxg3 46.Nf7+ Kd7 47.
Ng5 Nh1+ 48.Kg2 Rf8 49.Kxh1 Rf4 50.Rc5 Rxh4+ 51.Kg2 Rd4 52.Nf3 Rd1 53.Rxh5
Rb1 54.Rh7+ Kc8 55.Ne5 Rxb4 56.Rh8+ Kb7 57.Rb8+ Kxb8 58.Nxc6+ Kb7 59.Nxb4 
Kb6 60.Nd3 1-0

[Event "11th EUR-ch"]
[Site "Rijeka CRO"]
[Date "2010.03.15"]
[Round "9"]
[White "Hartung, Jerry"]
[Black "Firat, Burak"]
[Result "0-1"]
[WhiteElo "2191"]
[BlackElo "2398"]
[EventDate "2010.03.06"]
[PlyCount "64"]

1.e4 e6 2.d4 d5 3.exd5 exd5 4.Nf3 Bg4 5.Qe2+ Qe7 6.Qxe7+ Bxe7 7.Ne5 Be6 8.
Bd3 f6 9.Nf3 Bd6 10.Nbd2 Nc6 11.O-O Nb4 12.Bb5+ c6 13.Ba4 Bf5 14.c3 Nc2 
15.Bxc2 Bxc2 16.Re1+ Ne7 17.Nf1 Kf7 18.Ng3 g5 19.Re2 Bd3 20.Re3 Bg6 21.Bd2
h5 22.Rae1 h4 23.Re6 Rad8 24.Nxg5+ fxg5 25.Bxg5 hxg3 26.Bxe7 gxh2+ 27.Kh1 
Be4 28.Bxd8 Kxe6 29.f3 Rxd8 30.fxe4 dxe4 31.Rxe4+ Kd5 32.Re3 Rf8 0-1

[Event "11th EUR-ch"]
[Site "Rijeka CRO"]
[Date "2010.03.15"]
[Round "9"]
[White "Porfireanu, Serban"]
[Black "Sale, Srdjan"]
[Result "0-1"]
[WhiteElo "2034"]
[BlackElo "2396"]
[EventDate "2010.03.06"]
[PlyCount "50"]

1.c4 b6 2.d4 Bb7 3.Nc3 e6 4.a3 f5 5.Nf3 Nf6 6.Bg5 Be7 7.e3 O-O 8.Bd3 Qe8 
9.Bf4 d6 10.Qc2 Nbd7 11.O-O-O Bd8 12.h4 e5 13.dxe5 dxe5 14.Bxf5 exf4 15.
Ng5 g6 16.Be6+ Kg7 17.h5 Ne5 18.h6+ Kh8 19.Bh3 Nh5 20.exf4 Nxf4 21.Rhe1 
Nfd3+ 22.Kb1 Nxe1 23.Qd2 N1d3 24.b4 Rxf2 25.Ne2 Bxg5 0-1

[Event "11th EUR-ch"]
[Site "Rijeka CRO"]
[Date "2010.03.15"]
[Round "9"]
[White "Manea, Alexandru"]
[Black "Srdoc, Nenad"]
[Result "1-0"]
[WhiteElo "2392"]
[BlackElo "1949"]
[EventDate "2010.03.06"]
[PlyCount "49"]

1.d4 e6 2.c4 Bb4+ 3.Bd2 Qe7 4.Nf3 Nf6 5.g3 d5 6.Bg2 O-O 7.O-O Ne4 8.Bf4 g5
9.Be3 c6 10.Nbd2 Nxd2 11.Bxd2 Bxd2 12.Qxd2 f6 13.Qc2 f5 14.Qd2 g4 15.Ne5 
Nd7 16.Rfd1 Nxe5 17.dxe5 Bd7 18.b4 Rfd8 19.Rac1 Be8 20.Qc3 dxc4 21.Qxc4 
Kf7 22.Qc5 Qxc5 23.bxc5 Rd7 24.Rd6 Rxd6 25.cxd6 1-0

[Event "11th EUR-ch"]
[Site "Rijeka CRO"]
[Date "2010.03.15"]
[Round "9"]
[White "Potapov, Alexander"]
[Black "Beletic, Daniel"]
[Result "1-0"]
[WhiteElo "2446"]
[BlackElo "2232"]
[EventDate "2010.03.06"]
[PlyCount "59"]

1.d4 Nf6 2.c4 c5 3.d5 e6 4.Nc3 exd5 5.cxd5 d6 6.e4 g6 7.Nf3 a6 8.a4 Bg4 9.
Be2 Bxf3 10.Bxf3 Nbd7 11.O-O Qe7 12.a5 Bg7 13.g3 O-O 14.Bg2 Rab8 15.Ra4 
Rfe8 16.f4 Qd8 17.Qd3 Ng4 18.Bf3 Ngf6 19.Be3 Rc8 20.Rfa1 Qc7 21.Bf2 Rb8 
22.Nd1 b5 23.axb6 Nxb6 24.Rxa6 Nfd7 25.R1a2 c4 26.Qa3 Ra8 27.Ra7 Qb8 28.
Nc3 Rc8 29.Rxa8 Nxa8 30.Qa7 1-0

[Event "11th EUR-ch"]
[Site "Rijeka CRO"]
[Date "2010.03.15"]
[Round "9"]
[White "Baumegger, Siegfried"]
[Black "Ofstad, Per"]
[Result "1-0"]
[WhiteElo "2442"]
[BlackElo "2197"]
[EventDate "2010.03.06"]
[PlyCount "99"]

1.c4 e6 2.Nc3 d5 3.d4 Nf6 4.Bg5 c6 5.e3 Nbd7 6.cxd5 exd5 7.Bd3 Be7 8.Qc2 
O-O 9.Nge2 Re8 10.O-O Nf8 11.f3 c5 12.Bb5 Bd7 13.Bxd7 Qxd7 14.Rad1 Rac8 
15.Kh1 Ne6 16.Bxf6 Bxf6 17.Qf5 Nf8 18.Qxd5 Rxe3 19.dxc5 Qxd5 20.Rxd5 Ne6 
21.Rd2 Rxc5 22.Ne4 Rc8 23.Nxf6+ gxf6 24.Ng3 Re5 25.Ne4 Kg7 26.Nd6 Rc6 27.
g4 Nf4 28.Nf5+ Kf8 29.Rd8+ Re8 30.Rd2 Rce6 31.Kg1 Re2 32.Rfd1 h5 33.Rxe2 
Nxe2+ 34.Kf2 Nf4 35.Kg3 Ne6 36.gxh5 Ng7 37.Nxg7 Kxg7 38.Rd7 Rb8 39.Kg4 a5 
40.Kf5 b5 41.h6+ Kxh6 42.Rxf7 b4 43.Rxf6+ Kg7 44.Ra6 Rb5+ 45.Ke6 Rh5 46.
Ra7+ Kg8 47.Ra8+ Kg7 48.b3 Rh6+ 49.Ke7 Rxh2 50.Rxa5 1-0

[Event "11th EUR-ch"]
[Site "Rijeka CRO"]
[Date "2010.03.15"]
[Round "9"]
[White "Gebigke, Martin"]
[Black "Popilski, Gil"]
[Result "0-1"]
[WhiteElo "2232"]
[BlackElo "2441"]
[EventDate "2010.03.06"]
[PlyCount "80"]

1.d4 g6 2.Nf3 Bg7 3.e4 d6 4.Nc3 a6 5.Be3 Nd7 6.Qd2 b5 7.Ne2 Bb7 8.Ng3 Ngf6
9.Bd3 c5 10.c3 O-O 11.Bh6 e5 12.Bxg7 Kxg7 13.O-O h6 14.Rfe1 Qb6 15.Nh4 Kh7
16.d5 c4 17.Bc2 Bc8 18.b4 a5 19.a3 Ng8 20.Reb1 Qd8 21.Nf3 Nb6 22.h3 Bd7 
23.Nh2 Ra6 24.Rf1 Qg5 25.Qe2 Rfa8 26.Rac1 axb4 27.axb4 Ra2 28.Qf3 Kg7 29.
Rfd1 Rb2 30.Nhf1 Ra3 31.Ne2 Raa2 32.Ne3 Nf6 33.Kh2 h5 34.g3 h4 35.Rg1 
hxg3+ 36.Nxg3 Qf4 37.Qg2 Na4 38.Kh1 Nxc3 39.Rge1 Kf8 40.f3 Rxb4 0-1

[Event "11th EUR-ch"]
[Site "Rijeka CRO"]
[Date "2010.03.15"]
[Round "9"]
[White "Juranic, Bruno"]
[Black "Kanarek, Marcel"]
[Result "1-0"]
[WhiteElo "2220"]
[BlackElo "2388"]
[EventDate "2010.03.06"]
[PlyCount "55"]

1.e4 c5 2.Nc3 Nc6 3.f4 g6 4.Nf3 Bg7 5.Bc4 e6 6.f5 Nge7 7.fxe6 dxe6 8.O-O 
a6 9.d3 h6 10.Qe1 g5 11.Be3 b6 12.Qf2 O-O 13.Qg3 Ng6 14.h4 gxh4 15.Qg4 Bd4
16.Nxd4 cxd4 17.Bxh6 Ne5 18.Qh5 dxc3 19.bxc3 h3 20.d4 hxg2 21.Rf2 Nxc4 22.
Rxg2 Ra7 23.Bg5 f6 24.Bh6 Rff7 25.Qxg6+ Kh8 26.Kf2 Rh7 27.Rag1 Rxh6 28.
Qxh6+ 1-0

[Event "11th EUR-ch"]
[Site "Rijeka CRO"]
[Date "2010.03.15"]
[Round "9"]
[White "Civric, Zdravko"]
[Black "Platzgummer, Fabian"]
[Result "1-0"]
[WhiteElo "2207"]
[BlackElo "2383"]
[EventDate "2010.03.06"]
[PlyCount "89"]

1.e4 e5 2.Nf3 Nc6 3.Bc4 Bc5 4.b4 Bxb4 5.c3 Ba5 6.d4 exd4 7.O-O Nge7 8.e5 
d5 9.exd6 cxd6 10.cxd4 d5 11.Bb3 O-O 12.Na3 Bg4 13.Bb2 Qd6 14.h3 Bh5 15.g4
Bg6 16.Ne5 a6 17.Nc2 b5 18.Ne3 Bc7 19.Rc1 f6 20.Bxd5+ Nxd5 21.Rxc6 Nxe3 
22.fxe3 Qe7 23.Qb3+ Bf7 24.Ba3 Bxb3 25.Bxe7 Rfc8 26.axb3 fxe5 27.Rfc1 exd4
28.Rxc7 Rxc7 29.Rxc7 dxe3 30.Bc5 Re8 31.Re7 Rc8 32.Bxe3 Rc3 33.b4 Rc4 34.
Bd2 Rc2 35.Be1 g6 36.Ra7 Rc6 37.Bf2 h5 38.Kg2 hxg4 39.hxg4 Rc4 40.Bc5 
Rxg4+ 41.Kf3 Rc4 42.Rxa6 Kf7 43.Rb6 g5 44.Rxb5 Ke6 45.Rb8 1-0

[Event "11th EUR-ch"]
[Site "Rijeka CRO"]
[Date "2010.03.15"]
[Round "9"]
[White "Jacobsen, Bo"]
[Black "Elkin, Leonid"]
[Result "0-1"]
[WhiteElo "2375"]
[BlackElo "2189"]
[EventDate "2010.03.06"]
[PlyCount "70"]

1.c4 g6 2.g3 Bg7 3.Bg2 Nf6 4.Nc3 O-O 5.Nf3 d6 6.O-O Nc6 7.Rb1 Bf5 8.d3 Qd7
9.Re1 e5 10.b4 e4 11.b5 exf3 12.bxc6 fxe2 13.cxd7 exd1=Q 14.Rxd1 Nxd7 15.
Nd5 Rae8 16.Rxb7 Bxd3 17.Bf4 Be2 18.Rd2 Bxc4 19.Ne3 Be6 20.Rxc7 Ne5 21.
Rxa7 Nc4 22.Nxc4 Bxc4 23.Be3 Rd8 24.a4 d5 25.Bb6 Rb8 26.a5 Bc3 27.Rd1 d4 
28.Bf1 Bb3 29.Rxd4 Bxd4 30.Bxd4 Rfd8 31.Bb6 Rd1 32.Kg2 Bd5+ 33.f3 Bxf3+ 
34.Kf2 Bg4 35.h4 Re8 0-1

[Event "11th EUR-ch"]
[Site "Rijeka CRO"]
[Date "2010.03.15"]
[Round "9"]
[White "Tate, Alan"]
[Black "Wintzer, Joachim"]
[Result "1-0"]
[WhiteElo "2215"]
[BlackElo "2361"]
[EventDate "2010.03.06"]
[PlyCount "73"]

1.e4 c6 2.c4 d5 3.cxd5 cxd5 4.exd5 a6 5.Qa4+ Nd7 6.Nc3 Nf6 7.Nf3 g6 8.Bc4 
Bg7 9.d3 O-O 10.Qa3 Nb6 11.Qb3 Nxc4 12.dxc4 b5 13.O-O bxc4 14.Qxc4 Bb7 15.
Rd1 Rc8 16.Qb3 Bh8 17.Bf4 Qa5 18.Rd2 Rfd8 19.Rad1 h6 20.h3 Nd7 21.Na4 Nc5 
22.Nxc5 Rxc5 23.d6 e6 24.Qe3 g5 25.Bg3 Rd5 26.b3 Rd7 27.Rc1 Rd8 28.Rdc2 e5
29.Rc5 Rxc5 30.Rxc5 Qxa2 31.Nxe5 Qb1+ 32.Rc1 Qe4 33.Qxe4 Bxe4 34.Nc6 Bxc6 
35.Rxc6 f5 36.f3 h5 37.Be1 1-0

[Event "11th EUR-ch"]
[Site "Rijeka CRO"]
[Date "2010.03.15"]
[Round "9"]
[White "Grimberg, Boris"]
[Black "Barlocco, Carlo"]
[Result "1-0"]
[WhiteElo "2352"]
[BlackElo "2173"]
[EventDate "2010.03.06"]
[PlyCount "81"]

1.e4 Nc6 2.Nf3 Nf6 3.e5 Ng4 4.d4 d6 5.h3 Nh6 6.Bb5 a6 7.Bxc6+ bxc6 8.O-O 
e6 9.Bxh6 gxh6 10.Nc3 Bg7 11.Ne4 O-O 12.Ng3 Rb8 13.Rb1 c5 14.Nh5 Bb7 15.
Nxg7 Kxg7 16.dxc5 dxc5 17.Qe2 c4 18.Nh2 Qd5 19.f3 Rfd8 20.Rbd1 Qb5 21.a4 
Qxb2 22.Ng4 Qc3 23.Qf2 Rxd1 24.Rxd1 h5 25.Nf6 Bc6 26.Qg3+ Kh8 27.Nxh5 Qe3+
28.Kh2 Qh6 29.Qh4 Bd5 30.Rd4 Rg8 31.Rg4 Rxg4 32.hxg4 Qf8 33.Qf6+ Kg8 34.a5
c3 35.Qg5+ Kh8 36.Qe3 c6 37.Qxc3 h6 38.Qd3 Qb8 39.Qe3 Kg8 40.Qxh6 Qxe5+ 
41.f4 1-0

[Event "11th EUR-ch"]
[Site "Rijeka CRO"]
[Date "2010.03.15"]
[Round "9"]
[White "Jelecevic, Ivo"]
[Black "Szamoskozi, Gabor"]
[Result "1/2-1/2"]
[WhiteElo "2203"]
[BlackElo "2347"]
[EventDate "2010.03.06"]
[PlyCount "66"]

1.e4 c5 2.Nf3 Nc6 3.d4 cxd4 4.Nxd4 Nf6 5.Nc3 e5 6.Ndb5 d6 7.Bg5 a6 8.Na3 
b5 9.Bxf6 gxf6 10.Nd5 f5 11.Bxb5 axb5 12.Nxb5 Ra4 13.Nbc7+ Kd7 14.c4 Rxc4 
15.O-O Qg5 16.Nb6+ Kxc7 17.Nxc4 Rg8 18.g3 Qg4 19.f3 Qh3 20.Ne3 f4 21.Nd5+ 
Kd8 22.Qb3 Rxg3+ 23.hxg3 Qxg3+ 24.Kh1 Qh4+ 25.Kg1 Qg3+ 26.Kh1 Nd4 27.Qb6+ 
Ke8 28.Nf6+ Ke7 29.Qc7+ Kxf6 30.Qxc8 Qh4+ 31.Kg2 Qg3+ 32.Kh1 Qh4+ 33.Kg2 
Qg3+ 1/2-1/2